The British Medical Association guide to medicines & drugs (Record no. 2581)

000 -LEADER
fixed length control field nam a22 a 4500
005 - DATE AND TIME OF LATEST TRANSACTION
control field 20170517113739.0
008 - FIXED-LENGTH DATA ELEMENTS--GENERAL INFORMATION
fixed length control field 940118r19891988enka || 001 ||eng
020 ## - INTERNATIONAL STANDARD BOOK NUMBER
International Standard Book Number 0863183956
040 ## - CATALOGING SOURCE
Original cataloging agency AKMAL
082 ## - DEWEY DECIMAL CLASSIFICATION NUMBER
Classification number 615.1 HEN
090 ## - LOCALLY ASSIGNED LC-TYPE CALL NUMBER (OCLC); LOCAL CALL NUMBER (RLIN)
Classification number (OCLC) (R) ; Classification number, CALL (RLIN) (NR) 615.1
Local cutter number (OCLC) ; Book number/undivided call number, CALL (RLIN) HEN
245 ## - TITLE STATEMENT
Title The British Medical Association guide to medicines & drugs
Statement of responsibility, etc. chief medical editor John Henry.
260 ## - PUBLICATION, DISTRIBUTION, ETC.
Place of publication, distribution, etc. London :
Name of publisher, distributor, etc. Dorling Kindersley,
Date of publication, distribution, etc. 1989.
300 ## - PHYSICAL DESCRIPTION
Extent 432p.
Dimensions cm
700 ## - ADDED ENTRY--PERSONAL NAME
Personal name Henry, John
Fuller form of name (John Anthony)
9 (RLIN) 5389
942 ## - ADDED ENTRY ELEMENTS (KOHA)
Source of classification or shelving scheme
Koha item type Book
Holdings
Withdrawn status Lost status Source of classification or shelving scheme Damaged status Not for loan Collection code Home library Current library Shelving location Date acquired Inventory number Total Checkouts Full call number Barcode Date last seen Price effective from Koha item type
          NON-FICTION AKMAL Melaka AKMAL Melaka PINJAMAN 17.05.2017 601188   615.1 HEN 201703353 17.05.2017 17.05.2017 Book
Pusat Sumber Maklumat Dato' Haji Sarmin Md Hussin, Akademi Kastam Diraja Malaysia, Melaka
Tel: 06-2331106 | Faks: 06-2313787